1429 1095 1716 1352 1419 1990 1741 1319 1897 1231 1082 1282 1315 1062 1967 1094 1605 1765 1288 1637 1161 1051 1544 1682 1039 1045 1544 1423 1703 1472 1222 1064 1758 1147 1946 1753 1410 1009 1175 1394 1604 1337 1767 1007 1245 1138 1046 1293 1032 1850 1224 1085 1407 1588 1787 1797 1422 1539 1894 1658 1025 1606 1999 1877 1340 1008 1328 1199 1189 1318 1771 1366 1249 1381 1452 1282 1836 1550 1788 1865 1152 1693 1968 1216 1680 1133 1650 1643 1405 1041 1063 1335 1212 1733 1311 1128 1472 1945 1714 BCNSPRNW ULIB Ver.6.0+V

เปลี่ยนเป็นภาษาไทย

Change to English
 แสดงรายละเอียดบรรณานุกรม
  กลับหน้าหลัก

Brief Record : Get Marc (ISO 2709) : E-mail record : QR code < ปิดหน้าต่าง
LEADER : 00000nam 2200000uu 4500
001    13399129080
003     ULIB
008    250716s2566||||th 000 0 tha d
020    ^a9786166031003
060  4 ^aWY152^bว298ก
110 0  ^aคณะกรรมการอำนวยการจัดงานฉลองพระชนมายุ
245 1  ^aการพยาบาลผู้ใหญ่และผู้สูงอายุที่มีความผิดปกติของระบบหายใจ=The pocket guide book /^cวรางคณา สายสิทธิ์
246 3  ^aThe pocket guide book
250    ^aพิมพ์ครั้งที่ 1.
250    ^aพิมพ์ครั้งที่ 2.
260    ^aนครปฐม :^bโรงพิมพ์มหาวิทยาลัยศิลปากร วิทยาเขตพระราชวังสนามจันทร์,^c2566
300    ^a209 หน้า:^bภาพประกอบ:ตาราง;^c21 ซ.ม.
505 0  ^aกายวิภาคศาสตร์และสรีรวิทยาของระบบหายใจ -- กระบวนการพยาบาลกับการตรวจร่างกายระบบหายใจ -- การพยาบาลผู้ป่วยโรคระบบหายใจที่พบบ่อย -- การพยาบาลผู้ป่วยโรคระบบทางเดินหายใจที่รักษาด้วยการใช้เครื่องช่วยหายใจ -- การพยาบาลผู้ป่วยโรคระบบทางเดินหายใจที่รักษาด้วยการใส่ท่อระบายทรวงอก.
650  2 ^aRespiratory Therapy
650  4 ^aการพยาบาล
650  4 ^aการพยาบาลผู้สูงอายุ
650  4 ^aการพยาบาลผู้ใหญ่
650  4 ^aทางเดินหายใจ^xกายวิภาค
650  4 ^aทางเดินหายใจ^xโรค^xการพยาบาล
650  4 ^aทางเดินหายใจติดเชื้อในวัยสูงอายุ
650  4 ^aผู้สูงอายุ^xการดูแลและสุขวิทยา
650  4 ^aระบบหายใจ
650  4 ^aโรคทางเดินหายใจในวัยสูงอายุ
650  4 ^aสุขภาพและอนามัย^xการประเมิน
945    ^p200^l0^i011784
999    ^aประนอม เกษจรัล
รายการนี้ยังไม่มีแท็ก
คุณยังไม่ได้ล็อกอิน คุณสามารถมีกิจกรรมร่วมกับเว็บไซต์ได้ แต่ต้องล็อกอินก่อน ::
  ล็อกอิน

รายการสื่อสารสนเทศ

ลำดับที่ ประเภท เลขเรียก/บาร์โค้ด สถานที่ สถานะ
1. Book การพยาบาล
หนังสือสำรอง
สถานะ=หนังสือสำรอง
WY152 ว298ก ฉ.1 
  Barcode: 011784
ห้องสมุดวิทยาเขตสวรรค์ประชารักษ์
►หนังสือทั่วไป
บนชั้น

รายการใกล้เคียง
    หัวเรื่อง [Respiratory Therapy]
    หัวเรื่อง [การพยาบาล]
    หัวเรื่อง [การพยาบาลผู้สูงอายุ]
    หัวเรื่อง [การพยาบาลผู้ใหญ่]
    หัวเรื่อง [ระบบหายใจ]

BibComment


ยังไม่เคยถูกคอมเมนท์

คอมเมนท์ทรัพยากรรายการนี้
  คอมเมนท์: การพยาบาลผู้ใหญ่..


 Copyright 2026. Bcnsprnw @Library